UBT Library

Breast cancer sourcebook : (Record no. 40355)

000 -LEADER
fixed length control field 00996cam a2200277 a 4500
001 - CONTROL NUMBER
control field 15515127
005 - DATE AND TIME OF LATEST TRANSACTION
control field 20180116044439.0
008 - FIXED-LENGTH DATA ELEMENTS--GENERAL INFORMATION
fixed length control field 081107s2009 miuab b 001 0 eng
010 ## - LIBRARY OF CONGRESS CONTROL NUMBER
LC control number 2008048392
020 ## - INTERNATIONAL STANDARD BOOK NUMBER
International Standard Book Number 9780780810303 (hardcover : alk. paper)
020 ## - INTERNATIONAL STANDARD BOOK NUMBER
International Standard Book Number 0780810309 (hardcover : alk. paper)
035 ## - SYSTEM CONTROL NUMBER
System control number (OCoLC)ocn236342048
035 ## - SYSTEM CONTROL NUMBER
System control number (OCoLC)236342048
040 ## - CATALOGING SOURCE
Original cataloging agency DLC
Transcribing agency DLC
Modifying agency BTCTA
-- BAKER
-- YDXCP
-- C#P
-- CDX
-- DLC
041 ## - LANGUAGE CODE
Language code of text/sound track or separate title eng
042 ## - AUTHENTICATION CODE
Authentication code lcac
080 ## - UNIVERSAL DECIMAL CLASSIFICATION NUMBER
Universal Decimal Classification number 616.99449
082 00 - DEWEY DECIMAL CLASSIFICATION NUMBER
Classification number 616.99449 BEL
Edition number 22
100 ## - Rafti
Rafti 6
101 ## - Shkurtesa
Shkurtesa KAN
245 00 - TITLE STATEMENT
Title Breast cancer sourcebook :
Statement of responsibility, etc edited by Karen Bellenir.
504 ## - BIBLIOGRAPHY, ETC. NOTE
Bibliography, etc Includes bibliographical references and index.
906 ## - LOCAL DATA ELEMENT F, LDF (RLIN)
a 7
b cbc
c orignew
d 1
e ecip
f 20
g y-gencatlg
942 ## - ADDED ENTRY ELEMENTS (KOHA)
Source of classification or shelving scheme
Item type Books
Holdings
Withdrawn status Lost status Source of classification or shelving scheme Damaged status Not for loan Collection code Permanent location Current location Shelving location Date acquired Total Checkouts Full call number Barcode Date last seen Price effective from Koha item type
          Koleksioni i përgjithshem UBT - Lipjan UBT - Lipjan Koleksioni i përgjithshem 01/16/2018   616.99449 BEL 002-2995586 01/16/2018 01/16/2018 Books
UBT Library © 2015-2024. All rights reserved University Education for Business and Technology